000 00713nam a2200241Ia 4500
003 OSt
005 20220923223833.0
006 a|||||r|||| 00| 0
007 ta
008 Pun
024 _a222,078
037 _cTextual
040 _aARTS
_cARTS
_bPun
041 _2Pun
_aPun
082 _aO153,1:g, M8
100 _aਜੱਗੀ, ਰਤਨ ਸਿੰਘ
245 0 _aਮਾਲਵੇ ਦੀ ਕਵੀFਰੀ ਪੰਰਪਰਾ
260 _aਪਟਿਆਲਾ
_b ਪਬਲੀਕੇFਨ ਬਿਉਰੋ
_c1988
300 _a338ਪੰ
_ccm.
650 _aਪੰਜਾਬੀ ਸਾਹਿਤ
942 _hO153,1:g, M8
_cTEXL
_2CC
999 _c367605
_d367605